| Поле | Инд. | ПП | Название | Значение |
|---|---|---|---|---|
| Тип записи | a | |||
| Библиографический уровень | b | |||
| 001 | Контрольный номер | b0ec2941c9354d1287b53ace2cf7af62 | ||
| 005 | Дата корректировки | 20240329120814.3 | ||
| 024 | 80 | a | Стандартный номер | DOI: 10.3367/UFNe.2020.06.038787 |
| 040 | a | Служба первич. каталог. | Scopus | |
| 041 | 0_ | a | Код языка текста | eng |
| 097 | a | Костяева О.Г. | ||
| 100 | 1_ | q | Полное имя | Джолос Ростислав Владимирович |
| g | Прочие сведения | РИНЦ AuthorID: 19780 (http://elibrary.ru/author_items.asp?authorid=19780); Scopus Author ID: 7006613411 (https://www.scopus.com/authid/detail.uri?origin=resultslist&authorId=7006613411&zone=) | ||
| a | Автор | Jolos R. V. | ||
| u | Дополнение | Джолос Р. В.; Jolos Rostislav V. | ||
| c | Титул (звания) | профессор (ученое звание); доктор физико-математических наук; профессор (должность) | ||
| i | 000091245 | |||
| k | Кафедра ядерной физики; Инженерно-физический институт | |||
| j | Принадлежность неизвестного автора к последователям, ученикам, сторонникам, школе и т. д. | государственный университет "Дубна" | ||
| 100 | 1_ | q | Полное имя | Колганова Елена Александровна |
| g | Прочие сведения | РИНЦ AuthorID: 10941 (http://elibrary.ru/author_items.asp?authorid=10941); Scopus Author ID: 6701474702 (https://www.scopus.com/authid/detail.uri?authorId=6701474702) | ||
| a | Автор | Kolganova E. A. | ||
| u | Дополнение | Колганова Е. А. | ||
| c | Титул (звания) | доцент (ученое звание); кандидат физико-математических наук; доцент (должность) | ||
| i | 000091226 | |||
| k | Кафедра фундаментальных проблем физики микромира; Инженерно-физический институт | |||
| j | Принадлежность неизвестного автора к последователям, ученикам, сторонникам, школе и т. д. | государственный университет "Дубна" | ||
| 245 | 10 | a | Заглавие | Phase transitions in atomic nuclei |
| 513 | a | передано в научно-организационный отдел | ||
| b | III квартал 2021 года | |||
| 773 | 18 | t | Название источника | Physics-Uspekhi |
| b | Сведения об издании | Turpion Limited | ||
| b | Сведения об издании | IOP Publishing Ltd. | ||
| c | United Kingdom | |||
| d | Место и дата издания | 2021 | ||
| x | ISSN | 1063-7869 | ||
| m | Специф. данные | входит в Scopus; входит в WoS; входит в ядро РИНЦ; ненулевой импакт-фактор | ||
| g | Прочая информация | V. 64.- №4.- P. 325 - 343 | ||
| n | Примечание | Успехи физических наук | ||
| p | Phys. Usp. | |||
| o | Прочие индексы | scopus 0.81 | ||
| q | Q2 Scopus 2020; Q2 WoS 2020 | |||
| o | Прочие индексы | wos 2.301, scopus 2.08, ринц - | ||
| x | ISSN | 1063-7869 | ||
| w | Контрольный № источника | 271c1318afe54c3bba74688ba6b251f5 | ||
| 856 | 40 | u | URL | https://www.elibrary.ru/item.asp?id=46902448 |
| 901 | t | Тип документа | b | |
| 952 | c | Вид литературы | статья в журнале |